[Event "Hamburg Robinow op"]
[Site "Hamburg"]
[Date "2005.10.09"]
[Round "9"]
[White "Stellwagen, Katja"]
[Black "Ernst, Herwarth"]
[Result "1-0"]
[WhiteElo "1544"]
[BlackElo "1766"]
[PlyCount "89"]
[EventDate "2005.10.01"]
[EventType "swiss"]
[EventRounds "9"]
[EventCountry "GER"]
[SourceTitle "CBM 108 Extra"]
[Source "ChessBase"]
[SourceDate "2005.11.04"]
[SourceVersion "1"]
[SourceVersionDate "2005.11.04"]
[SourceQuality "1"]

1. e4 c5 2. Nf3 d6 3. d4 cxd4 4. Nxd4 Nf6 5. Nc3 g6 6. f3 Bg7 7. Be3 0-0 8. Qd2 Nc6 9. 0-0-0 d5 10. Nxc6 bxc6 11. exd5 cxd5 12. Nxd5 Nxd5 13. Qxd5 Qc7 14. Qc5 Qb7 15. Bd4 Bf5 16. Qb5 Qc7 17. Qc5 Rfc8 18. Qxc7 Rxc7 19. Bc3 Bxc3 20. bxc3 Rxc3 21. Bd3 Be6 22. Kb2 Rac8 23. Rd2 Kg7 24. Re1 Kf6 25. Re4 R8c7 26. Rh4 Kg7 27. Ra4 g5 28. Rxa7 Rxa7 29. Kxc3 Rxa2 30. Bc4 Bxc4 31. Kxc4 Kf6 32. Kb3 Ra1 33. c4 Ke6 34. c5 Rc1 35. Kb4 Rb1+ 36. Kc4 f6 37. c6 Kf7 38. Kc5 Ke8 39. c7 Rc1+ 40. Kb6 Rb1+ 41. Kc6 Rc1+ 42. Kb7 Rb1+ 43. Kc8 Rc1 44. Rb2 e6 45. Rb7 1-0

[Event "Hamburg Robinow op"]
[Site "Hamburg"]
[Date "2005.10.05"]
[Round "5"]
[White "Stellwagen, Katja"]
[Black "Mahendiran, Sadadchcharam"]
[Result "1-0"]
[WhiteElo "1544"]
[BlackElo "1688"]
[PlyCount "81"]
[EventDate "2005.10.01"]
[EventType "swiss"]
[EventRounds "9"]
[EventCountry "GER"]
[SourceTitle "CBM 108 Extra"]
[Source "ChessBase"]
[SourceDate "2005.11.04"]
[SourceVersion "1"]
[SourceVersionDate "2005.11.04"]
[SourceQuality "1"]

1. e4 c5 2. Nf3 d6 3. d4 cxd4 4. Nxd4 Nf6 5. Nc3 a6 6. f3 e5 7. Nb3 Nc6 8. Be3 Be7 9. Qd2 b5 10. 0-0-0 Be6 11. Kb1 Bxb3 12. cxb3 h6 13. Bxb5 axb5 14. Nxb5 Qa5 15. Qxa5 Rxa5 16. Nxd6+ Kf8 17. Rc1 Bxd6 18. Rxc6 Ne8 19. Rhc1 Ke7 20. Bb6 Rb5 21. Bc5 Bxc5 22. R1xc5 Rxc5 23. Rxc5 f6 24. b4 Kd7 25. b5 Nc7 26. a4 Rb8 27. Ka2 Rb6 28. Kb3 Kd6 29. Kc4 Rb8 30. Rc6+ Kd7 31. Kc5 Ne6+ 32. Rxe6 Kxe6 33. Kc6 Rc8+ 34. Kb6 Kd6 35. b3 g6 36. Ka6 Kc5 37. Kb7 Rd8 38. b6 Rd3 39. Kc7 Rd6 40. b4+ Kxb4 41. Kxd6 1-0

[Event "Hamburg State-ch U16"]
[Site "Cuxhaven"]
[Date "2005.03.17"]
[Round "8"]
[White "Stellwagen, Katja"]
[Black "Schrader, Maximilian"]
[Result "1/2-1/2"]
[WhiteElo "1483"]
[BlackElo "1551"]
[PlyCount "31"]
[EventDate "2005.03.12"]
[EventType "swiss"]
[EventRounds "9"]
[EventCountry "GER"]
[SourceTitle "EXT 2007"]
[Source "ChessBase"]
[SourceDate "2006.11.23"]
[SourceVersion "1"]
[SourceVersionDate "2006.11.23"]
[SourceQuality "1"]

1. e4 e5 2. Nf3 Nc6 3. Bb5 a6 4. Ba4 b5 5. Bb3 Bc5 6. 0-0 Nf6 7. Re1 d6 8. h3 0-0 9. d3 Na5 10. c3 Nxb3 11. Qxb3 h6 12. Nbd2 Bb7 13. Qd1 c6 14. Nf1 Re8 15. Ng3 Qc7 16. Be3 1/2-1/2

[Event "Hamburg State-ch U16"]
[Site "Cuxhaven"]
[Date "2005.03.12"]
[Round "1"]
[White "Baldig, Bastian"]
[Black "Stellwagen, Katja"]
[Result "1-0"]
[WhiteElo "1684"]
[BlackElo "1483"]
[PlyCount "63"]
[EventDate "2005.03.12"]
[EventType "swiss"]
[EventRounds "9"]
[EventCountry "GER"]
[SourceTitle "EXT 2007"]
[Source "ChessBase"]
[SourceDate "2006.11.23"]
[SourceVersion "1"]
[SourceVersionDate "2006.11.23"]
[SourceQuality "1"]

1. c4 e5 2. Nc3 Nc6 3. g3 f5 4. Bg2 Nf6 5. e3 g6 6. Nge2 Bg7 7. 0-0 0-0 8. d4 d6 9. a3 a5 10. b3 e4 11. h4 Bd7 12. Bb2 Re8 13. Nf4 Bc8 14. Nce2 Ng4 15. Qd2 Bf6 16. b4 g5 17. Nh5 gxh4 18. Nxf6+ Nxf6 19. b5 Nb8 20. gxh4 Ng4 21. Nf4 Qxh4 22. Rfd1 Be6 23. Rac1 Nd7 24. c5 dxc5 25. dxc5 Nde5 26. Qe2 Bc4 27. Rxc4 Nxc4 28. Qxc4+ Kf8 29. Rd2 Nh2 30. Rd7 Re7 31. Rxe7 Kxe7 32. Qe6+ 1-0

[Event "GER-chT U20 Girls"]
[Site "Pori"]
[Date "2004.12.28"]
[Round "3.3"]
[White "Bonfert, Nadine"]
[Black "Stellwagen, Katja"]
[Result "1/2-1/2"]
[WhiteElo "1469"]
[BlackElo "1580"]
[PlyCount "43"]
[EventDate "2004.12.27"]
[EventType "team"]
[EventRounds "7"]
[EventCountry "GER"]
[SourceTitle "EXT 2006"]
[Source "ChessBase"]
[SourceDate "2005.11.24"]
[SourceVersion "1"]
[SourceVersionDate "2005.11.24"]
[SourceQuality "1"]

1. e4 c5 2. Nf3 Nc6 3. d4 cxd4 4. Nxd4 g6 5. Nc3 Bg7 6. Be3 d6 7. h3 Nf6 8. Be2 0-0 9. Qd2 Bd7 10. 0-0 Rc8 11. f4 Na5 12. Rac1 Nc4 13. Bxc4 Rxc4 14. Qd3 Rc8 15. Nde2 a6 16. f5 Bc6 17. fxg6 hxg6 18. b3 Nd7 19. Bd2 Qb6+ 20. Kh1 Nc5 21. Qe3 Qd8 22. Rf2 1/2-1/2

[Event "GER-chT U20 Girls"]
[Site "Pori"]
[Date "2004.12.28"]
[Round "4.3"]
[White "Stellwagen, Katja"]
[Black "Leinenbach, Janine"]
[Result "1/2-1/2"]
[WhiteElo "1580"]
[BlackElo "1504"]
[PlyCount "110"]
[EventDate "2004.12.27"]
[EventType "team"]
[EventRounds "7"]
[EventCountry "GER"]
[SourceTitle "EXT 2006"]
[Source "ChessBase"]
[SourceDate "2005.11.24"]
[SourceVersion "1"]
[SourceVersionDate "2005.11.24"]
[SourceQuality "1"]

1. e4 d6 2. d4 Nf6 3. Nc3 g6 4. f3 Bg7 5. Be3 Nc6 6. Qd2 0-0 7. 0-0-0 e5 8. Nge2 exd4 9. Nxd4 Nxd4 10. Bxd4 Qe7 11. g4 Be6 12. Kb1 a6 13. h4 h5 14. gxh5 Nxh5 15. Bxg7 Kxg7 16. Bh3 Rad8 17. Rdg1 Bxh3 18. Rxh3 Qe6 19. Rhh1 Rh8 20. Nd5 c6 21. Nf4 Qe5 22. Nxh5+ Rxh5 23. Rg5 Rxg5 24. Qxg5 Qxg5 25. hxg5 Rh8 26. Rxh8 Kxh8 27. Kc1 Kg7 28. Kd2 Kf8 29. Kd3 Ke7 30. Kd4 f6 31. gxf6+ Kxf6 32. c4 b6 33. a3 g5 34. b3 Ke6 35. Kd3 Ke5 36. Ke3 c5 37. a4 a5 38. Ke2 Kf4 39. Kf2 g4 40. fxg4 Kxg4 41. Kg2 Kf4 42. Kf2 Kxe4 43. Ke2 d5 44. cxd5 Kxd5 45. Kd3 Kc6 46. Kc4 b5+ 47. axb5+ Kb6 48. Kc3 Kxb5 49. Kc2 a4 50. bxa4+ Kxa4 51. Kc3 Kb5 52. Kb3 c4+ 53. Kc3 Kc5 54. Kc2 Kb4 55. Kb2 c3+ 1/2-1/2

[Event "GER-chT Lands U20"]
[Site "Bad Sulza"]
[Date "2004.11.19"]
[Round "7.5"]
[White "Stellwagen, Katja"]
[Black "Leinenbach, Janine"]
[Result "1/2-1/2"]
[WhiteElo "1580"]
[BlackElo "1504"]
[PlyCount "40"]
[EventDate "2004.11.15"]
[EventType "team-swiss"]
[EventRounds "7"]
[EventCountry "GER"]
[SourceTitle "EXT 2006"]
[Source "ChessBase"]
[SourceDate "2005.11.24"]
[SourceVersion "1"]
[SourceVersionDate "2005.11.24"]
[SourceQuality "1"]

1. e4 d6 2. d4 g6 3. Nc3 Bg7 4. Be3 Nf6 5. f3 b6 6. Qd2 Bb7 7. 0-0-0 h5 8. Bc4 Nbd7 9. h4 e5 10. d5 a6 11. Bg5 Qe7 12. Kb1 0-0-0 13. Qe2 a5 14. Ba6 Nc5 15. Bxb7+ Kxb7 16. a3 Qd7 17. Ka2 Ra8 18. Be3 Na6 19. Kb1 Bh6 20. Bf2 Bg7 1/2-1/2

[Event "GER-chT Lands U20"]
[Site "Bad Sulza"]
[Date "2004.11.16"]
[Round "3.5"]
[White "Stellwagen, Katja"]
[Black "Nissler, Daniel"]
[Result "1/2-1/2"]
[WhiteElo "1580"]
[BlackElo "1535"]
[PlyCount "123"]
[EventDate "2004.11.15"]
[EventType "team-swiss"]
[EventRounds "7"]
[EventCountry "GER"]
[SourceTitle "EXT 2006"]
[Source "ChessBase"]
[SourceDate "2005.11.24"]
[SourceVersion "1"]
[SourceVersionDate "2005.11.24"]
[SourceQuality "1"]

1. e4 e6 2. d4 d5 3. Nc3 Bb4 4. e5 c5 5. a3 Bxc3+ 6. bxc3 Ne7 7. Bd3 Qc7 8. f4 cxd4 9. cxd4 Qc3+ 10. Bd2 Qxd4 11. Nf3 Qb6 12. Qe2 Nbc6 13. Be3 Qa5+ 14. Bd2 Qb6 15. Be3 Qc7 16. 0-0 Nf5 17. Bf2 0-0 18. Rfd1 Nce7 19. c4 dxc4 20. Bxc4 Bd7 21. Ng5 h6 22. Ne4 Ng6 23. g3 Bc6 24. Nd6 Rfd8 25. Nxf5 exf5 26. Qc2 Be4 27. Qa2 b6 28. Rac1 Rac8 29. Rxd8+ Rxd8 30. Be3 Qb7 31. e6 fxe6 32. Bxe6+ Kh7 33. Bf7 Bd5 34. Bxg6+ Kxg6 35. Qc2 Be4 36. Qc7 Rd1+ 37. Kf2 Rxc1 38. Qd6+ Kf7 39. Bxc1 Bh1 40. Qd2 Qg2+ 41. Ke3 Qg1+ 42. Kd3 Be4+ 43. Kc3 Qc5+ 44. Kb2 Ke6 45. Qc3 Qb5+ 46. Qb3+ Qxb3+ 47. Kxb3 a6 48. Bb2 g6 49. Bg7 h5 50. Be5 Kd5 51. Kc3 Bg2 52. Kd3 Bf1+ 53. Ke3 b5 54. Bc3 Kc4 55. Bb4 Kb3 56. Kd2 a5 57. Bxa5 Kxa3 58. Kc3 Ka4 59. Bb4 Bc4 60. Bc5 h4 61. Be7 hxg3 62. hxg3 1/2-1/2

[Event "GER-chT Lands U20"]
[Site "Bad Sulza"]
[Date "2004.11.15"]
[Round "1.5"]
[White "Stellwagen, Katja"]
[Black "Hoolt, Sarah"]
[Result "0-1"]
[WhiteElo "1580"]
[BlackElo "2034"]
[PlyCount "42"]
[EventDate "2004.11.15"]
[EventType "team-swiss"]
[EventRounds "7"]
[EventCountry "GER"]
[SourceTitle "EXT 2006"]
[Source "ChessBase"]
[SourceDate "2005.11.24"]
[SourceVersion "1"]
[SourceVersionDate "2005.11.24"]
[SourceQuality "1"]

1. e4 c5 2. Nf3 Nc6 3. d4 cxd4 4. Nxd4 g6 5. Nc3 Bg7 6. Be3 Nf6 7. Bc4 0-0 8. Bb3 a5 9. a4 Ng4 10. Nxc6 dxc6 11. Qxd8 Rxd8 12. Bb6 Rd7 13. f3 Ra6 14. Bc5 b6 15. fxg4 bxc5 16. 0-0 e6 17. Rab1 Rb6 18. Rf3 Ba6 19. Ba2 Bd4+ 20. Kh1 Bxc3 21. Rxc3 Rxb2 0-1

[Event "GER-ch U14 Girls"]
[Site "Willingen"]
[Date "2004.06.03"]
[Round "8"]
[White "Hofmann, Christine"]
[Black "Stellwagen, Katja"]
[Result "1-0"]
[WhiteElo "1607"]
[BlackElo "1433"]
[PlyCount "107"]
[EventDate "2004.06.??"]
[EventType "swiss"]
[EventRounds "9"]
[EventCountry "GER"]
[SourceTitle "EXT 2005"]
[Source "ChessBase"]
[SourceDate "2004.11.15"]
[SourceVersion "1"]
[SourceVersionDate "2004.11.15"]
[SourceQuality "1"]

1. d4 Nf6 2. c4 g6 3. Nc3 Bg7 4. e4 d6 5. Nf3 0-0 6. Be2 e5 7. d5 Nbd7 8. Bg5 h6 9. Bh4 g5 10. Bg3 Ne8 11. Qc2 Nc5 12. h4 g4 13. Nd2 h5 14. 0-0-0 Bh6 15. f3 f5 16. fxg4 hxg4 17. Rhf1 f4 18. Bf2 Na6 19. Be1 Ng7 20. Kb1 Nh5 21. Nb3 b6 22. Qc1 Kh7 23. Bd2 Ng3 24. Rg1 Nxe2 25. Nxe2 g3 26. Nxg3 Qxh4 27. Ne2 Qf6 28. Rdf1 Bg4 29. Nc3 Kg7 30. Qe1 Nb4 31. Rh1 Bg5 32. Nc1 Rh8 33. a3 Na6 34. Rxh8 Rxh8 35. Rh1 Rxh1 36. Qxh1 f3 37. Bxg5 Qxg5 38. gxf3 Qh5 39. Qg2 Kh6 40. Qxg4 Qxg4 41. fxg4 Kg5 42. b4 Kxg4 43. Kc2 Nb8 44. Nb5 Kf4 45. Kd3 Nd7 46. Nxc7 Nf6 47. Ne2+ Kf3 48. Nc3 Ng4 49. N7b5 Nf2+ 50. Kd2 Nxe4+ 51. Nxe4 Kxe4 52. Nxd6+ Kd4 53. Nf5+ Kxc4 54. d6 1-0

[Event "GER-ch U14 Girls"]
[Site "Willingen"]
[Date "2004.05.30"]
[Round "2"]
[White "Stellwagen, Katja"]
[Black "Nekrasova, Kateryna"]
[Result "0-1"]
[WhiteElo "1433"]
[BlackElo "1528"]
[PlyCount "134"]
[EventDate "2004.06.??"]
[EventType "swiss"]
[EventRounds "9"]
[EventCountry "GER"]
[SourceTitle "EXT 2005"]
[Source "ChessBase"]
[SourceDate "2004.11.15"]
[SourceVersion "1"]
[SourceVersionDate "2004.11.15"]
[SourceQuality "1"]

1. e4 c5 2. Nf3 e6 3. d4 cxd4 4. Nxd4 a6 5. Nc3 Nc6 6. Be3 Nf6 7. Qd2 Bb4 8. f3 d5 9. exd5 Nxd5 10. Nxc6 bxc6 11. Bc4 Qf6 12. Bxd5 cxd5 13. Qd4 Bxc3+ 14. Qxc3 Qxc3+ 15. bxc3 Rb8 16. Bc1 e5 17. Ba3 f6 18. 0-0 Bf5 19. Rfd1 Rb5 20. Rab1 Be6 21. Rxb5 axb5 22. Rb1 Bd7 23. Rd1 Bc6 24. Bb4 Kf7 25. Kf2 Rd8 26. Bc5 Ke6 27. Ke3 Rc8 28. Bb4 Be8 29. a3 Bg6 30. Rc1 Rc4 31. Kd2 f5 32. Rb1 Be8 33. Ke3 f4+ 34. Kd2 g5 35. h4 Kf5 36. Rh1 h5 37. Be7 g4 38. Bb4 e4 39. Ke2 Bc6 40. Rd1 Bb7 41. fxe4+ dxe4 42. Rd7 f3+ 43. gxf3 exf3+ 44. Kf2 Bc6 45. Rd6 Kf4 46. Rf6+ Ke5 47. Rh6 Be8 48. Bd6+ Kf5 49. Rh8 Re4 50. Bg3 Kf6 51. Rf8+ Kg7 52. Rf4 Re2+ 53. Kf1 Rxc2 54. Re4 Bg6 55. Be5+ Kg8 56. Rd4 Bf7 57. a4 Bc4+ 58. Rxc4 bxc4 59. Bd4 Ra2 60. a5 Rxa5 61. Kf2 Kf7 62. Ke3 Ke6 63. Kf4 Rf5+ 64. Kg3 Kd5 65. Kf2 Rf4 66. Ke3 Re4+ 67. Kf2 Rxd4 0-1